000 00848nam a2200265 i 4500
003 DO-SdBNP
005 20230518102311.0
007 ta
008 230518b1993 pr ||||| |||| 00| 0 spa d
020 _a8449913993
040 _aDO-SdBNP
_bspa
_cBNPHU
_erda
082 4 _222
100 _924403
_aMorfi, Angelina,
_d1919-
245 1 0 _aHistoria crítica de un siglo de teatro puertorriqueño /
_cAngelina Morfi
264 _aSan Juan, Puerto Rico :
_bInstituto de Cultura Puertorriqueña,
_c1993.
300 _a569 páginas ;
_c24 cm.
336 _2rdacontent
_atexto
_btxt
337 _2rdamedia
_asin mediación
_bn
338 _2rdacarrier
_avolumen
_bnc
500 _aIncluye dtos biográficos de la autora en las solapas
504 _aBibliografía : p.519-547
590 _aInventariado, 2023/BT
910 _aBtavárez
942 _2ddc
_cLBS1
999 _c53564
_d53564